LEADER 00916nam a2200229 i 4500 001 000000138369 003 CaOOAMICUS 005 20050812000000.0 008 050812s1975 it u000 u ita u 013 $a112264 040 $aSeMil$bita 100 1 $aSalvucci, Pasquale.$0(OLS)http://semarc/name/29815 245 12$aL'uomo di Kant /$cPasquale Salvucci. 260 $aUrbino :$bArgalia,$cstampa 1975. 300 $a637 p. ;$c24 cm. 500 $aIn appendice : Kant e la storiografia ; Sulla kantiana filosofia della storia. 650 4$aKant, Immanuel <1724-1804> - Antropologia filosofica.$0(OLS)http://semarc/subject/27209 850 $aSeMil 852 $aSeMil$W1$xVenegono$y1$m1111 1 1 *$j91859$B91859$CSeMilBibl$Z2$F96901 $81 961 $aLascito: Corradi mons. Enrico 996 $6245$aL'uomo di Kant$9(OLS)http://semarc/title/202281 996 $6260$aUrbino :$bArgalia$9(OLS)http://semarc/publisher/33653 LEADER 00916nam a2200217 i 4500 001 000000128341 003 CaOOAMICUS 005 20040721000000.0 008 040721s1966 it u000 u ita u 013 $a101067 040 $aSeMil$bita 245 13$aLa scultura romanica in Francia :$bparte seconda. 260 $aMilano :$bFratelli Fabbri Editori,$ccopyr. 1966. 300 $a1 fasc. :$bill., tav. ;$c36 cm. 490 0 $aI maestri della scultura ;$v92.[10] 650 4$aScultura romanica - Francia.$0(OLS)http://semarc/subject/19377 830 2$aI maestri della scultura ;$v92.[10].$0(OLS)http://semarc/title/15794 850 $aSeMil 852 $aSeMil$W1$xVenegono$y1$m5J VII 10/92$j82567$B82567$CSeMilBibl$Z2$F84905 $81 996 $6245$aLa scultura romanica in Francia :$bparte seconda$9(OLS)http://semarc/title/189636 996 $6260$aMilano :$bFratelli Fabbri Editori$9(OLS)http://semarc/publisher/29845